[Event "Tournament (Elo) (a)"]
[Site "masterchessopen.com - Habana (Cuba)"]
[Date "2007.04.09"]
[Round "6"]
[White "Leyva Yunior (CUB)"]
[Black "Perez Luis Manuel (CUB)"]
[Result "1-0"]
[WhiteElo "2375"]
[BlackElo "2432"]

1.Nf3 d5 2.c4 c6 3.b3 Nf6 4.g3 Bf5 5.Bg2 Nbd7 6.Bb2 e6 7.O-O Be7 8.d3 h6
9.Nbd2 O-O 10.Qc2 Bh7 11.a3 a5 12.Bc3 b5 13.cxb5 cxb5 14.b4 Rc8 15.Qb3 axb4
16.axb4 Nb6 17.Ra5 Na4 18.Ba1 Rb8 19.Nd4 Qd7 20.N2f3 Bd8 21.Ne5 Qe8 22.Ndc6
Bxa5 23.bxa5 Rb7 24.Rc1 Nd7 25.Qb4 Nxe5 26.Bxe5 Qd7 27.a6 {#r} 1-0

[Event "Bundesliga B East 2006/07"]
[Site "masterchessopen.com - Austria"]
[Date "2007.04.14"]
[Round "10"]
[White "Juenger Heinz (AUT)"]
[Black "Sadilek Maximilian (AUT)"]
[Result "0-1"]
[WhiteElo "2016"]
[BlackElo "2156"]

1.Nf3 d5 2.c4 c6 3.b3 Bg4 4.Bb2 Nd7 5.e3 Ngf6 6.Be2 e6 7.O-O Bd6 8.d3 Qc7
9.Nbd2 h5 10.h3 O-O-O 11.Ng5 Nc5 12.hxg4 Bh2+ 13.Kh1 hxg4 14.Nh3 gxh3 15.g3
Bxg3 16.fxg3 Qxg3 17.Rg1 Qxe3 18.Nf1 Qh6 19.b4 Ncd7 20.cxd5 exd5 21.Qa4 Kb8
22.Bd4 Nb6 23.Qa5 Rhe8 24.Bf3 Qf4 {#R} 0-1

[Event "Ch World (IPCA) (b)"]
[Site "masterchessopen.com - Wisla (Poland)"]
[Date "2007.05.17"]
[Round "3"]
[White "Bondarets Vadim (UKR)"]
[Black "Usoltsev Dmitry (RUS)"]
[Result "1-0"]
[WhiteElo "2342"]
[BlackElo "2179"]

1.Nf3 d5 2.c4 c6 3.b3 Nf6 4.Bb2 Bf5 5.d3 e6 6.Nh4 Bg4 7.h3 Bh5 8.g4 Bg6 9.Ng2
Nfd7 10.Nf4 Qh4 11.Bg2 Bc5 12.O-O Qg5 13.Nd2 Qh6 14.e3 Bd6 15.Nf3 Bxf4 16.exf4
Nf6 17.cxd5 cxd5 18.f5 exf5 19.g5 Qh5 20.gxf6 Rg8 21.Qe1+ Kd8 22.Qa5+ Kc8
23.Rac1+ Nc6 24.Ne5 {#r} 1-0

[Event "It (open)"]
[Site "masterchessopen.com - Gerlingen (Germany)"]
[Date "2007.05.19"]
[Round "5"]
[White "Schuh Karsten (GER)"]
[Black "Strunski Andreas (GER)"]
[Result "1-0"]
[WhiteElo "2207"]
[BlackElo "2238"]

1.c4 c6 2.Nf3 d5 3.b3 Nf6 4.Bb2 e6 5.e3 Nbd7 6.d4 Bd6 7.Bd3 O-O 8.O-O b6 9.Nc3
Bb7 10.Rc1 Qe7 11.e4 dxe4 12.Nxe4 Nxe4 13.Bxe4 Rfd8 14.Qe2 Nf6 15.Bb1 c5
16.Rfd1 Bf4 17.Rc3 Rac8 18.Ne5 cxd4 19.Rh3 Qc7 20.Ng4 Nxg4 21.Bxh7+ Kf8
22.Qxg4 f5 23.Bxf5 exf5 24.Rh8+ Ke7 25.Qxg7+ Kd6 26.Qg6+ Ke5 27.Rh5 Be4
28.Rxf5+ Bxf5 29.Re1+ {#r} 1-0

[Event "Ch Mittelfranken (team) (B1) 2007/08"]
[Site "masterchessopen.com - Germany"]
[Date "2007.10.14"]
[Round "1"]
[White "Aronow Maxim (GER)"]
[Black "Rossbach Knut"]
[Result "1-0"]
[WhiteElo "2290"]
[BlackElo "2029"]

1.Nf3 d5 2.c4 c6 3.b3 Nf6 4.Bb2 Bf5 5.cxd5 cxd5 6.e3 Nc6 7.Bb5 a6 8.Bxc6+ bxc6
9.O-O c5 10.Nc3 e6 11.Rc1 Bd6 12.Qe2 Bg4 13.Na4 Ne4 14.h3 h5 15.Rfd1 Bxf3
16.Qxf3 Rc8 17.d3 Nf6 18.Rc2 Kf8 19.Rdc1 Nd7 20.b4 c4 21.dxc4 dxc4 22.Rd1 Qe7
23.Rcd2 Ne5 24.Qg3 c3 25.Bxc3 {#r} 1-0

[Event "Bayern Landesliga South 2007/08"]
[Site "masterchessopen.com - Bayern (Germany)"]
[Date "2007.10.21"]
[Round "1"]
[White "Schwarzmeier Klaus (GER)"]
[Black "Erlacher Alexander"]
[Result "1-0"]
[WhiteElo "2044"]
[BlackElo "1623"]

1.c4 c6 2.Nf3 d5 3.b3 Bf5 4.g3 Nf6 5.Bg2 e6 6.O-O Be7 7.Bb2 O-O 8.d3 Nbd7
9.Nbd2 Qb6 10.a3 a5 11.h3 Bd6 12.Kh2 Qc7 13.Rc1 Nh5 14.Qe1 Nhf6 15.e4 dxe4
16.dxe4 Rae8 17.e5 Nxe5 18.Bxe5 Bxe5 19.Nxe5 Rd8 20.Ndf3 Qb6 21.Qe3 {#r} 1-0

[Event "Memorial P.Dubinin (open)"]
[Site "masterchessopen.com - Nizhnij Novgorod (Russia)"]
[Round "0"]
[White "Krashenov Valery (RUS)"]
[Black "Budruev Mikhail (RUS)"]
[Result "1-0"]
[WhiteElo "1955"]
[BlackElo "1787"]

1.Nf3 d5 2.c4 c6 3.b3 Nf6 4.Bb2 Bg4 5.h3 Bh5 6.d4 e6 7.Nbd2 Nbd7 8.e3 Bxf3
9.gxf3 Bb4 10.a3 Bxd2+ 11.Qxd2 Qc7 12.Bd3 dxc4 13.bxc4 e5 14.Qc3 exd4 15.Qxd4
O-O-O 16.Qxa7 Qd6 17.O-O-O Kc7 18.Qa5+ Kb8 19.Bd4 c5 20.Bb2 b6 21.Qa6 Qc6
22.e4 Nh5 23.Rhe1 f6 24.e5 Rhe8 25.Be4 {#r} 1-0

[Event "Czech League 2007/08 (krajsky prebor)"]
[Site "masterchessopen.com - Czech Republic"]
[Date "2008.01.20"]
[Round "0"]
[White "Sipek Michal (CZE)"]
[Black "Navratil Jiri (CZE)"]
[Result "0-1"]
[WhiteElo "2039"]
[BlackElo "1917"]

1.Nf3 d5 2.c4 c6 3.b3 Nf6 4.Bb2 Bg4 5.e3 Nbd7 6.Be2 e6 7.O-O Bd6 8.d4 Rc8
9.Nbd2 Bb8 10.h3 Bh5 11.Ba3 Ne4 12.Nxe4 dxe4 13.Nd2 Qc7 14.g3 Bg6 15.Rc1 h5
16.h4 Qa5 17.Nb1 Qf5 18.Kg2 Nf6 19.Qd2 Ng4 20.Rcd1 Rd8 21.d5 Ne5 22.Qb4 Rd7
23.Qc3 exd5 24.cxd5 Nd3 25.Qxg7 Be5 {#R} 0-1

[Event "It (open) (w)"]
[Site "masterchessopen.com - Moscow (Russia)"]
[Date "2008.02.07"]
[Round "6"]
[White "Bogumil Tatiana (RUS)"]
[Black "Maliutina Yulia (RUS)"]
[Result "1-0"]
[WhiteElo "2204"]
[BlackElo "1837"]

1.Nf3 d5 2.c4 c6 3.b3 Nf6 4.Bb2 Bg4 5.Ne5 Be6 6.e3 Nbd7 7.Be2 Nxe5 8.Bxe5 dxc4
9.bxc4 g6 10.O-O Bg7 11.d4 O-O 12.Nc3 Bd7 13.Rb1 b6 14.Qc2 Qc8 15.Rbc1 Rd8
16.Rfd1 e6 17.Bf3 Ne8 18.Bg3 Nc7 19.Ne4 Be8 20.Bh4 Rd7 21.Nf6+ Bxf6 22.Bxf6
Qb7 23.Qe4 Rd6 24.Qf4 Rd7 25.Qh6 {#r} 1-0

[Event "Ch City (1/2 final)"]
[Site "masterchessopen.com - Lisbon (Portugal)"]
[Round "0"]
[White "Fanha Paulo (POR)"]
[Black "Azevedo Manuel Roque (POR)"]
[Result "1-0"]
[WhiteElo "2023"]
[BlackElo "1824"]

1.Nf3 d5 2.c4 c6 3.b3 Bf5 4.Bb2 Nd7 5.d3 Ngf6 6.g3 e6 7.Bg2 h6 8.O-O Bd6
9.cxd5 exd5 10.Nbd2 Nc5 11.b4 Ne6 12.e4 dxe4 13.dxe4 Nxe4 14.b5 O-O 15.bxc6
bxc6 16.Nh4 Nxd2 17.Nxf5 Bc5 18.Re1 Rb8 19.Bc3 Nc4 20.Qg4 Bd4 21.Bxd4 Nxd4
22.Qxg7# 1-0

[Event "Czech League 2007/08 (krajsky prebor)"]
[Site "masterchessopen.com - Czech Republic"]
[Date "2008.04.13"]
[Round "0"]
[White "Macku Petr"]
[Black "Krejci Dalibor (CZE)"]
[Result "0-1"]
[WhiteElo "1945"]
[BlackElo "1837"]

1.Nf3 d5 2.c4 c6 3.b3 Nf6 4.g3 g6 5.Bb2 Bg7 6.d4 O-O 7.Bg2 Nbd7 8.O-O Re8
9.cxd5 cxd5 10.Nc3 Nb6 11.Ne5 Be6 12.Rc1 a6 13.a4 Rc8 14.Nd3 Nbd7 15.Nf4 Qa5
16.e3 Rc7 17.Qd2 Rec8 18.Nd3 Qb6 19.b4 Rc4 {#R} 0-1

[Event "It (open)"]
[Site "masterchessopen.com - Wroclaw (Poland)"]
[Date "2008.06.25"]
[Round "6"]
[White "Brodowski Piotr (POL)"]
[Black "Zysko Teresa (POL)"]
[Result "1-0"]
[WhiteElo "2401"]
[BlackElo "1701"]

1.c4 c6 2.Nf3 d5 3.b3 Nf6 4.Bb2 Bf5 5.g3 e6 6.Bg2 Nbd7 7.O-O Bd6 8.d3 O-O
9.Nh4 Bg4 10.h3 Bh5 11.Nd2 Qe7 12.Qe1 Ba3 13.Bc3 Bb4 14.Bxb4 Qxb4 15.f4 Nc5
16.Kh1 a5 17.a3 Qc3 18.cxd5 Nxb3 19.Nxb3 Qxb3 20.dxc6 bxc6 21.g4 Bg6 22.Bxc6
Rac8 23.Bf3 Nd5 24.f5 Ne3 25.Qxa5 Nxf1 26.Rxf1 Rc3 27.a4 Rfc8 28.Qb5 Qa3
29.fxe6 {#r} 1-0

[Event "Tournament (open)"]
[Site "masterchessopen.com - Abaza (Russia)"]
[Round "4"]
[White "Kaluga Sergey (RUS)"]
[Black "Golovina Darya (RUS)"]
[Result "1-0"]
[WhiteElo "2222"]
[BlackElo "1784"]

1.Nf3 d5 2.c4 c6 3.b3 Bf5 4.e3 e6 5.Bb2 Nf6 6.Be2 Be7 7.O-O O-O 8.Nh4 Bxb1
9.Rxb1 Nbd7 10.Nf3 Nc5 11.Qc2 a5 12.Ne5 Bd6 13.f4 Rc8 14.Rf3 dxc4 15.bxc4 Qe7
16.Rh3 h6 17.g4 Bxe5 18.Bxe5 Nfd7 19.Bb2 e5 20.fxe5 Nxe5 21.d4 Nxg4 22.Bxg4
Ne6 23.Rg3 Rcd8 24.Qe4 Qd7 25.d5 Ng5 26.Bxd7 Nxe4 27.Rxg7+ {#r} 1-0

[Event "Ch Chess Club (open)"]
[Site "masterchessopen.com - Omsk (Russia)"]
[Date "2008.08.11"]
[Round "6"]
[White "Pinigin Vladimir (RUS)"]
[Black "Artemiev Vladislav (RUS)"]
[Result "1-0"]
[WhiteElo "2054"]
[BlackElo "2046"]

1.Nf3 d5 2.c4 c6 3.b3 Bf5 4.g3 e6 5.Bg2 Nf6 6.O-O Be7 7.Bb2 Nbd7 8.d3 O-O
9.Nbd2 Re8 10.Qc2 Bg6 11.a3 Bf8 12.Bc3 e5 13.e4 Qc7 14.b4 Rad8 15.Bb2 dxe4
16.dxe4 b6 17.Rfe1 c5 18.b5 Bd6 19.Nh4 Nf8 20.Nxg6 hxg6 21.Bh3 {#r} 1-0

[Event "Landesliga Bayern North 2008/09"]
[Site "masterchessopen.com - Bayern (Germany)"]
[Date "2008.10.05"]
[Round "1"]
[White "Reiser Wolfgang (GER)"]
[Black "Klek Hanna Marie (GER)"]
[Result "0-1"]
[WhiteElo "2150"]
[BlackElo "2004"]

1.Nf3 d5 2.c4 c6 3.b3 Nf6 4.Bb2 Bf5 5.g3 e6 6.Bg2 Nbd7 7.O-O Bd6 8.Nc3 O-O
9.d3 Qe7 10.Re1 Bg6 11.Rc1 Rfd8 12.cxd5 Nxd5 13.Nh4 Bh5 14.Qc2 Qf8 15.e4 Nb4
16.Qb1 Ne5 17.Bf1 Bc5 18.Nd5 cxd5 19.Bxe5 dxe4 20.dxe4 Rd2 21.Re3 Bxe3 22.fxe3
Rad8 23.Ng2 Nc6 24.Bc3 Rd1 25.Nf4 Qc5 {#R} 0-1

[Event "Ch Russia (students) (team)"]
[Site "masterchessopen.com - Belgorod (Russia)"]
[Date "2008.10.07"]
[Round "3"]
[White "Novikov Stanislav (RUS)"]
[Black "Ponomarev Dmitry (RUS)"]
[Result "1-0"]
[WhiteElo "2523"]
[BlackElo "2336"]

1.c4 c6 2.Nf3 d5 3.b3 Nf6 4.Bb2 Bf5 5.d3 e6 6.Nbd2 Bc5 7.e3 O-O 8.Be2 h6 9.Qc2
Nbd7 10.h3 Qe7 11.g4 Bg6 12.Rg1 Ba3 13.h4 Bxb2 14.Qxb2 h5 15.gxh5 Nxh5 16.Ne5
Nxe5 17.Qxe5 Qxh4 18.O-O-O Nf6 19.Rg2 Nd7 20.Qd6 Rfd8 21.Rh2 Nb8 22.Qxb8 Qf6
23.Rdh1 Qc3+ 24.Kd1 Qa1+ 25.Kc2 Qxa2+ 26.Kc1 Qa3+ 27.Kb1 Kf8 28.Qc7 {#r} 1-0

[Event "Ch Iceland (w)"]
[Site "masterchessopen.com - Gardabaer (Iceland)"]
[Date "2008.10.16"]
[Round "3"]
[White "Helgadottir Sigridur Bjorg (ISL)"]
[Black "Kristinardottir Elsa Maria (ISL)"]
[Result "0-1"]
[WhiteElo "1595"]
[BlackElo "1776"]

1.c4 c6 2.Nf3 d5 3.b3 Bf5 4.Bb2 Nf6 5.Nc3 e6 6.g3 dxc4 7.bxc4 Ng4 8.Bg2 Qb6
9.O-O Qxb2 10.e4 Bg6 11.Rb1 Qa3 12.Rxb7 Bc5 13.h3 Nxf2 14.Rxf2 Bxf2+ 15.Kxf2
Qc5+ 16.d4 Qxc4 17.Qb1 O-O 18.Na4 {#R} 0-1

[Event "It (open)"]
[Site "masterchessopen.com - Gdansk (Poland)"]
[Date "2009.07.23"]
[Round "6"]
[White "Brodowski Piotr (POL)"]
[Black "Bartkowiak Damian (POL)"]
[Result "1-0"]
[WhiteElo "2397"]
[BlackElo "2106"]

1.c4 c6 2.Nf3 d5 3.b3 Bg4 4.Bb2 Nd7 5.e3 e5 6.Be2 e4 7.Nd4 Bxe2 8.Qxe2 dxc4
9.bxc4 Qb6 10.Bc3 Ngf6 11.O-O Rd8 12.f3 c5 13.Nf5 g6 14.Ng3 exf3 15.Qxf3 Bg7
16.Ne4 Ke7 17.Bxf6+ Bxf6 18.Na3 {#r} 1-0

[Event "It (open)"]
[Site "masterchessopen.com - Avoine (France)"]
[Date "2009.07.24"]
[Round "7"]
[White "Ballandras Marc (FRA)"]
[Black "Godart Francois (FRA)"]
[Result "0-1"]
[WhiteElo "1892"]
[BlackElo "2179"]

1.c4 c6 2.Nf3 d5 3.b3 Bg4 4.Bb2 Nd7 5.d3 Ngf6 6.Nbd2 e6 7.g3 dxc4 8.bxc4 Bc5
9.e3 Bb4 10.Be2 Nc5 11.Ne5 Bh3 12.Qc2 Qa5 13.Bf1 Bxf1 14.Rxf1 Na4 15.Nf3 Nxb2
16.Qxb2 Bc3 17.Qxb7 O-O 18.Rb1 Ng4 19.Kd1 Rad8 20.Ke2 Bxd2 21.Nxd2 Nxh2 22.Rh1
Ng4 23.Qxc6 Rxd3 24.Qe4 Qxd2+ 25.Kf3 Qxf2+ 26.Kxg4 f5+ {#R} 0-1

[Event "Ch City (open)"]
[Site "masterchessopen.com - Novokuznetsk (Russia)"]
[Date "2009.12.13"]
[Round "9"]
[White "Morozov Vasiliy (RUS)"]
[Black "Koshkin Sergey (RUS)"]
[Result "0-1"]
[WhiteElo "2050"]
[BlackElo "1958"]

1.c4 c6 2.Nf3 d5 3.b3 Nf6 4.g3 Bf5 5.Nh4 Be4 6.f3 Bg6 7.Nxg6 hxg6 8.d4 e6
9.Bb2 Bd6 10.Bg2 Rxh2 11.Kf2 Qc7 12.f4 Bxf4 13.Rxh2 Bxg3+ 14.Ke3 Bxh2 15.Kd3
Na6 16.e3 dxc4+ 17.bxc4 O-O-O 18.Kc2 e5 19.Bc3 exd4 20.exd4 c5 21.d5 Nb4+
22.Kb2 Qb6 23.Qb3 Re8 24.Bh3+ Kb8 25.Nd2 Re3 26.Bf1 Rxc3 27.Qxc3 Nbxd5+ 28.Qb3
Be5+ {#R} 0-1

[Event "Tournament (Elo) (b)"]
[Site "masterchessopen.com - Krasnodar (Russia)"]
[Date "2010.04.09"]
[Round "5"]
[White "Sverkunov Oleg (RUS)"]
[Black "Spassky Vladimir (RUS)"]
[Result "1-0"]
[WhiteElo "1886"]
[BlackElo "1792"]

1.Nf3 d5 2.c4 c6 3.b3 Nf6 4.g3 Bg4 5.Ne5 Bf5 6.Bg2 e6 7.O-O Bd6 8.Bb2 O-O 9.d3
Nbd7 10.Nxd7 Qxd7 11.e4 dxe4 12.Bxf6 exd3 13.Bc3 Rfe8 14.Nd2 Bc7 15.Be4 Bxe4
16.Nxe4 b6 17.Qg4 f5 18.Nf6+ Kh8 19.Qh4 gxf6 20.Qxf6+ {#r} 1-0

[Event "It (open)"]
[Site "masterchessopen.com - Triesen (Liechtenstein)"]
[Date "2010.05.14"]
[Round "8"]
[White "Pribyl Martin (CZE)"]
[Black "Ballon Guenther Jan (NED)"]
[Result "1-0"]
[WhiteElo "2354"]
[BlackElo "2195"]

1.Nf3 d5 2.c4 c6 3.b3 Bg4 4.Bb2 f6 5.d4 e6 6.Nc3 f5 7.h3 Bh5 8.g4 fxg4 9.Ne5
Nd7 10.hxg4 Nxe5 11.gxh5 Nf7 12.Qc2 Nf6 13.O-O-O Qa5 14.cxd5 Nxd5 15.Nxd5 cxd5
16.Kb1 Bd6 17.Bh3 Ng5 18.Rdg1 Nxh3 19.Rxh3 O-O 20.h6 Rf7 21.Rxg7+ Rxg7 22.hxg7
Qe1+ 23.Bc1 Kf7 24.Qxh7 {#r} 1-0

[Event "Memorial Ipavec (open)"]
[Site "masterchessopen.com - Sentjur (Slovenia)"]
[Date "2010.09.17"]
[Round "1"]
[White "Jeran Bostjan (SLO)"]
[Black "Orehek Spela (SLO)"]
[Result "1-0"]
[WhiteElo "2243"]
[BlackElo "1913"]

1.Nf3 d5 2.c4 c6 3.b3 Nf6 4.Bb2 Nbd7 5.g3 g6 6.cxd5 cxd5 7.Nc3 e6 8.Bg2 Bg7
9.O-O O-O 10.Qc2 b6 11.Rac1 Ba6 12.Qb1 Rc8 13.b4 b5 14.d3 Nb6 15.Nd4 Qe8
16.Qa1 Ng4 17.Nb3 Nd7 18.a4 Nb8 19.h3 bxa4 20.Nc5 Nh6 21.e4 dxe4 22.N3xe4 e5
23.Nd6 Qe7 24.Nxc8 Rxc8 25.Nxa6 Rxc1 26.Qxc1 {#r} 1-0

[Event "It (open) (b)"]
[Site "masterchessopen.com - Cerdaniola del Valles (Spain)"]
[Date "2010.10.30"]
[Round "5"]
[White "Rahal Joe (ESP)"]
[Black "Corretja Torrens Jordi (ESP)"]
[Result "1-0"]
[WhiteElo "1778"]
[BlackElo "1844"]

1.Nf3 d5 2.c4 c6 3.b3 Nf6 4.g3 Bg4 5.Bg2 e6 6.O-O Bd6 7.Bb2 O-O 8.d3 Nbd7
9.Nbd2 h6 10.e4 Bxf3 11.Bxf3 Ne5 12.Be2 Ng6 13.exd5 exd5 14.Qc2 Re8 15.Nf3 a5
16.Rae1 Ne5 17.Nh4 Qd7 18.d4 Neg4 19.Kg2 Ne4 20.Bxg4 Qxg4 21.f3 Qg5 22.fxe4
Rxe4 23.Rxe4 dxe4 24.Qxe4 a4 25.Bc1 Qh5 26.c5 Bc7 27.b4 g5 28.Qf3 g4 29.Qe4
{#r} 1-0

[Event "It (open)"]
[Site "masterchessopen.com - Hum na Sutli (Croatia)"]
[Date "2010.11.21"]
[Round "2"]
[White "Zarko Ivica (CRO)"]
[Black "Pejic Irving (CRO)"]
[Result "0-1"]
[WhiteElo "1957"]
[BlackElo "2116"]

1.c4 c6 2.Nf3 d5 3.b3 Bg4 4.e3 e5 5.Be2 Nd7 6.cxd5 cxd5 7.Bb2 Bd6 8.h3 Bh5
9.O-O Ne7 10.Nc3 Rc8 11.Rc1 O-O 12.Nb5 Rxc1 13.Qxc1 Bb8 14.g4 Bg6 15.Nh4 Qb6
16.Nxg6 Nxg6 17.Nc3 e4 18.Nb5 a6 19.Bd4 Qe6 20.Qa3 axb5 21.Bxb5 Nde5 22.Be2
Nh4 23.f4 exf3 24.Bb5 Nxg4 25.hxg4 Qxg4+ 26.Kf2 Qg3# 0-1

[Event "Memorial E.Bykova (open) (w)"]
[Site "masterchessopen.com - Suzdal (Russia)"]
[Date "2010.12.17"]
[Round "3"]
[White "Sorokina Natalia (RUS)"]
[Black "Baraeva Marina (RUS)"]
[Result "0-1"]
[WhiteElo "2210"]
[BlackElo "2126"]

1.Nf3 d5 2.c4 c6 3.b3 Nf6 4.Bb2 g6 5.e3 Bg7 6.Be2 O-O 7.O-O b6 8.d4 Bb7 9.c5
bxc5 10.dxc5 Qa5 11.Qd4 Ne8 12.Ne5 Nd7 13.b4 Qc7 14.f4 a5 15.a3 axb4 16.axb4
Rxa1 17.Bxa1 Nxe5 18.fxe5 f6 19.Qg4 Bc8 20.Qg3 fxe5 21.Nd2 Rxf1+ 22.Kxf1 Qb7
23.Qh4 Bf6 24.Qg3 Qxb4 25.Ke1 Bh4 {#R} 0-1

[Event "Ch Yugra"]
[Site "masterchessopen.com - Khanty Mansyisk (Russia)"]
[Date "2011.01.15"]
[Round "1"]
[White "Sorokina Natalia (RUS)"]
[Black "Sedenko Anatoly (UKR)"]
[Result "0-1"]
[WhiteElo "2210"]
[BlackElo "2044"]

1.Nf3 d5 2.c4 c6 3.b3 dxc4 4.bxc4 Qb6 5.d4 Nf6 6.e3 Bf5 7.Nc3 e6 8.c5 Qc7
9.Bd3 Nbd7 10.e4 Bg4 11.O-O e5 12.Be3 exd4 13.Bxd4 Bxc5 14.Bxf6 gxf6 15.Bc4
O-O-O 16.Qe2 Ne5 17.Ba6 Nxf3+ 18.gxf3 Bh3 19.Kh1 Bxf1 20.Rxf1 bxa6 21.Qxa6+
Qb7 22.Qc4 Qb4 23.Qa6+ Kc7 24.Rc1 Rhg8 25.Na4 Qd2 26.Rf1 Qd1 27.Nxc5 Qxf3# 0-1

[Event "It (open)"]
[Site "masterchessopen.com - Neapol (Italy)"]
[Date "2011.01.21"]
[Round "2"]
[White "Franzese Luigi (ITA)"]
[Black "Borrelli Salvatore (ITA)"]
[Result "1-0"]
[WhiteElo "1877"]
[BlackElo "1961"]

1.Nf3 d5 2.c4 c6 3.b3 Bf5 4.g3 e6 5.Bg2 Nf6 6.Bb2 Be7 7.O-O O-O 8.d3 a5 9.Nc3
Na6 10.a3 Nc5 11.h3 Qb6 12.Nd2 dxc4 13.dxc4 Rfd8 14.Ra2 Nfe4 15.Ncxe4 Nxe4
16.Bxe4 Bxe4 17.Bc3 Bf5 18.Kh2 Bc5 19.Qa1 f6 20.Kg2 e5 21.b4 axb4 22.axb4 Rxa2
23.Qxa2 Bxb4 24.c5+ {#r} 1-0

[Event "Cup Belgrade (team)"]
[Site "masterchessopen.com - Belgrade (Serbia)"]
[Date "2011.04.16"]
[Round "4"]
[White "Knezevic Mladen (SRB)"]
[Black "Markovic Vladimir (SRB)"]
[Result "0-1"]
[WhiteElo "2148"]
[BlackElo "2235"]

1.Nf3 d5 2.c4 c6 3.b3 Nf6 4.g3 Bg4 5.Bg2 e6 6.Bb2 Nbd7 7.d3 Bd6 8.O-O Qe7
9.Nbd2 O-O 10.Qc2 e5 11.e4 d4 12.h3 Bh5 13.g4 Bg6 14.Nh4 Ne8 15.Nf5 Bxf5
16.exf5 Ba3 17.Rae1 Qb4 18.Bxa3 Qxa3 19.f4 Qd6 20.Ne4 Qc7 21.b4 a5 22.Qa4 Nef6
23.Nxf6+ gxf6 24.Rf2 exf4 25.b5 Rae8 26.Rxe8 Rxe8 27.bxc6 Re1+ 28.Rf1 Rxf1+
29.Kxf1 {#R} 0-1

[Event "Ch Russia (seniors)"]
[Site "masterchessopen.com - Odintsovo (Russia)"]
[Date "2011.04.27"]
[Round "9"]
[White "Kozlov Vladimir N (RUS)"]
[Black "Filipenko Alexander V (RUS)"]
[Result "1-0"]
[WhiteElo "2268"]
[BlackElo "2353"]

1.Nf3 d5 2.c4 c6 3.b3 Bg4 4.Bb2 Nd7 5.e3 e6 6.Be2 Ngf6 7.O-O Be7 8.d4 Ne4
9.Nbd2 f5 10.Nxe4 fxe4 11.Nd2 Bxe2 12.Qxe2 Nf6 13.f3 Bb4 14.f4 O-O 15.Nb1 Qd7
16.c5 Ba5 17.a4 b6 18.Ba3 bxc5 19.Bxc5 Rfb8 20.Ra3 Bb4 21.Bxb4 Rxb4 22.a5 c5
23.dxc5 Rc8 24.Rc1 Rb5 25.Qd2 Rbxc5 26.Rxc5 Rxc5 27.Nc3 Qe7 28.Ne2 Qc7 29.Ra2
Kf7 {#r} 1-0

[Event "Memorial Ermolaev (open)"]
[Site "masterchessopen.com - Irkutsk (Russia)"]
[Date "2011.08.06"]
[Round "1"]
[White "Grigoriev Elisey (RUS)"]
[Black "Amosova Dariya (RUS)"]
[Result "1-0"]
[WhiteElo "2100"]
[BlackElo "1585"]

1.c4 c6 2.Nf3 d5 3.b3 Nf6 4.Bb2 Bg4 5.Ne5 Bf5 6.d3 e6 7.Nd2 Be7 8.g3 Nbd7
9.Nef3 h6 10.Bg2 O-O 11.O-O Rc8 12.h3 Ne8 13.e4 Bh7 14.Qe2 Nc5 15.Ne1 dxe4
16.Nxe4 Nxe4 17.dxe4 Qb6 18.Rd1 Rd8 19.Nd3 Bf6 20.Ba3 Bd4 21.Bxf8 Kxf8 22.Kh2
Kg8 23.f4 Nd6 24.c5 Bxc5 25.Nxc5 Qxc5 26.e5 {#r} 1-0

[Event "Ch Poland (team) (3 liga)"]
[Site "masterchessopen.com - Poland"]
[Round "4"]
[White "Smagalski Slawomir (POL)"]
[Black "Magnucka Arleta (POL)"]
[Result "0-1"]
[WhiteElo "2025"]
[BlackElo "1875"]

1.Nf3 d5 2.c4 c6 3.b3 Bg4 4.Ne5 Bh5 5.d4 Nf6 6.g3 e6 7.Bg2 Bd6 8.Bb2 Nbd7
9.O-O O-O 10.Nd2 Rc8 11.Re1 c5 12.cxd5 exd5 13.Ndf3 Ne4 14.Bh3 f5 15.dxc5 Nxe5
16.cxd6 Nxf3+ 17.exf3 Qxd6 18.g4 Ng5 19.Bg2 Bg6 20.Qd4 Rc7 21.Rad1 Rd7 22.h4
Ne6 23.Qxa7 Nf4 24.h5 Nxg2 25.Kxg2 {#R} 0-1

[Event "It (open) (b)"]
[Site "masterchessopen.com - Prague (Czech Republic)"]
[Date "2012.01.16"]
[Round "4"]
[White "Ursu Anna-Maria"]
[Black "Domanski Lukasz"]
[Result "1-0"]
[WhiteElo "1901"]
[BlackElo "1449"]

1.c4 c6 2.Nf3 d5 3.b3 Bf5 4.d3 Nf6 5.g3 e6 6.Nbd2 Bd6 7.Bg2 O-O 8.Bb2 Nbd7
9.O-O Qe7 10.Qc2 e5 11.e4 Bg6 12.Nh4 d4 13.Nxg6 hxg6 14.Nf3 c5 15.Nh4 Rab8
16.Bc1 b5 17.Bg5 Bc7 18.cxb5 Rxb5 19.Nxg6 fxg6 20.Qc4+ Kh7 21.Qxb5 Rb8 22.Qc6
Rb6 23.Qxc7 Rb8 24.Bh3 Qe8 25.Bxf6 Nxf6 26.Qxc5 Ra8 27.Rac1 a6 28.Qd6 Qf7
29.Qxe5 {#r} 1-0

[Event "Tournament (Elo)"]
[Site "masterchessopen.com - Kislovodsk (Russia)"]
[Date "2012.01.17"]
[Round "3"]
[White "Egorov Valery"]
[Black "Gerliani Roin"]
[Result "0-1"]
[WhiteElo "1820"]
[BlackElo "1920"]

1.c4 c6 2.Nf3 d5 3.b3 Qb6 4.Nc3 Nf6 5.d3 Bf5 6.Be3 Qa5 7.Bd2 Qb6 8.Be3 Qc7
9.Rc1 e6 10.cxd5 exd5 11.g3 Bb4 12.Bd2 Qa5 13.Bg2 Nbd7 14.O-O O-O 15.Na4 Rad8
16.Qe1 Bxd2 17.Qxd2 Qa6 18.Nd4 Bg6 19.Qc3 Rfe8 20.Rfe1 h6 21.Nc2 Re7 22.Nb4
Qb5 23.Nb2 a5 24.Nc2 Rde8 25.a4 Qb6 26.e3 Ng4 27.Qd4 Qxb3 28.Qxg4 Qxb2 29.Re2
{#R} 0-1

[Event "Ch SibFO (open)"]
[Site "masterchessopen.com - Prokopevsk (Russia)"]
[Round "5"]
[White "Sergeev Albert (RUS)"]
[Black "Iskusnyh Sergei (RUS)"]
[Result "0-1"]
[WhiteElo "2318"]
[BlackElo "2480"]

1.Nf3 d5 2.c4 c6 3.b3 Nf6 4.g3 Bg4 5.Bg2 Nbd7 6.cxd5 cxd5 7.Bb2 e6 8.O-O Bd6
9.d4 O-O 10.Nc3 a6 11.h3 Bh5 12.g4 Bg6 13.Nh4 Nxg4 14.Nxg6 fxg6 15.hxg4 Qh4
16.f4 Rxf4 17.Rf3 Rxg4 18.Qf1 Nf6 19.Qf2 Bg3 20.Qe3 Ne4 21.Ba3 Qh2+ 22.Kf1 Bh4
23.Qg1 Nd2# 0-1

[Event "Ch Andalucia (seniors)"]
[Site "masterchessopen.com - Islantilla (Spain)"]
[Date "2012.04.13"]
[Round "3"]
[White "Gomez Feria Jose Maria (ESP)"]
[Black "Bellon Lopez Juan Manuel (ESP)"]
[Result "0-1"]
[WhiteElo "1929"]
[BlackElo "2403"]

1.Nf3 d5 2.c4 c6 3.b3 Bg4 4.Ne5 Bf5 5.Bb2 e6 6.d3 Nd7 7.g3 Bb4+ 8.Nd2 Ne7
9.Bg2 O-O 10.O-O a5 11.a3 Bd6 12.Rc1 d4 13.Nef3 {#R} 0-1

[Event "Ch Pan-American (amateurs)"]
[Site "masterchessopen.com - Cartagena (Colombia)"]
[Date "2012.07.06"]
[Round "5"]
[White "Granados Ricardo Luis"]
[Black "Paez Adolfo"]
[Result "1-0"]
[WhiteElo "1649"]
[BlackElo "1782"]

1.Nf3 d5 2.c4 c6 3.b3 Nf6 4.Bb2 e6 5.d3 Bb4+ 6.Nbd2 Nbd7 7.e3 Qc7 8.cxd5 cxd5
9.Rc1 Qd6 10.Be2 O-O 11.h3 a6 12.O-O b5 13.Rc2 Bb7 14.Qa1 Rac8 15.Rfc1 Ba3
16.Bxa3 Qxa3 17.Rxc8 Rxc8 18.Rxc8+ Bxc8 19.Qc3 Qf8 20.Qc7 h6 21.Nd4 Qc5 22.Nc6
Qf8 23.Qxc8 Qxc8 24.Ne7+ {#r} 1-0